000 00916cam a2200229 a 4500
001 000018059
005 20260305073955.0
008 821011s1968 ve b 001 0 spa d
040 _aDO-SdBNP
_bspa
_cDLC
_dBNPHU
082 _a923.587
_bB689b, 1968
100 1 _aBeaujón, Oscar.
_96276
245 1 3 _aEl Libertador enfermo. /
_cOscar Beaujón.
250 _a2a. ed.
260 _aCaracas, Venezuela :
_b[Sociedad Venezolana de Historia de la Medicina],
_c[1968].
300 _a150 p.
500 _a"Trabajo presentado a la Reunión sobre la Enfermedad Causal de la Muerte del Libertador, realizada bajo los auspicios de la Sociedad Venezolana de Historia de la Medicina, el 27 de junio de 1963."
504 _aIncluye referencias bibliográficas (p. [121]-142)
600 1 0 _aBolívar, Simón,
_d1783-1830
_9253
650 4 _aCronología histórica
_933821
910 _aCatalogación derivada
049 _aBNGR
999 _c17581
_d17581